A handbook of employee reward management and practice. / (Record no. 1007)

MARC details
000 -LEADER
fixed length control field 00938nam a22002057a 4500
008 - FIXED-LENGTH DATA ELEMENTS--GENERAL INFORMATION
fixed length control field 120530t xxu||||| |||| 00| 0 eng d
020 ## - INTERNATIONAL STANDARD BOOK NUMBER
International Standard Book Number 10074944343
050 ## - LIBRARY OF CONGRESS CALL NUMBER
Classification number HF5549.5.15.A6681
100 ## - MAIN ENTRY--PERSONAL NAME
Personal name Armstrong, Micheal
245 ## - TITLE STATEMENT
Title A handbook of employee reward management and practice. /
Statement of responsibility, etc. Micheal, Armstrong
260 ## - PUBLICATION, DISTRIBUTION, ETC.
Place of publication, distribution, etc. London:
Name of publisher, distributor, etc. Kogan Page,
Date of publication, distribution, etc. 2005.
300 ## - PHYSICAL DESCRIPTION
Extent x, 478 p.:
Other physical details ills;
Dimensions 24cm.
500 ## - GENERAL NOTE
General note Includes index.
505 ## - FORMATTED CONTENTS NOTE
Formatted contents note Contents: The Fundamentals of reward management -- The Conceptual framework -- Establishing job values and relatives -- Grade and pay structures -- Rewarding and reviewing contribution and performance -- Reward and management for special groups -- Employee benefits and pension schemes -- Reward management procedures and case studies.
650 ## - SUBJECT ADDED ENTRY--TOPICAL TERM
Topical term or geographic name entry element Incentives in industry.
650 ## - SUBJECT ADDED ENTRY--TOPICAL TERM
Topical term or geographic name entry element Employee motivation.
650 ## - SUBJECT ADDED ENTRY--TOPICAL TERM
Topical term or geographic name entry element Personnels management.
700 ## - ADDED ENTRY--PERSONAL NAME
Personal name Stephen, Tina
942 ## - ADDED ENTRY ELEMENTS (KOHA)
Source of classification or shelving scheme Library of Congress Classification
Koha item type Books
Holdings
Withdrawn status Lost status Source of classification or shelving scheme Damaged status Not for loan Home library Current library Shelving location Date acquired Total Checkouts Full call number Barcode Date last seen Copy number Price effective from Koha item type
    Library of Congress Classification     WISCONSIN INTERNATIONAL UNIVERSITY COLLEGE, GHANA - MAIN LIBRARY WISCONSIN INTERNATIONAL UNIVERSITY COLLEGE, GHANA - MAIN LIBRARY General Stacks 30/05/2012   HF5549.5.15.A6681 2542/12 30/05/2012 1 30/05/2012 Books
    Library of Congress Classification     WISCONSIN INTERNATIONAL UNIVERSITY COLLEGE, GHANA - MAIN LIBRARY WISCONSIN INTERNATIONAL UNIVERSITY COLLEGE, GHANA - MAIN LIBRARY General Stacks 30/05/2012   HF5549.5.15.A668 2543/12 30/05/2012 2 30/05/2012 Books
    Library of Congress Classification     WISCONSIN INTERNATIONAL UNIVERSITY COLLEGE, GHANA - MAIN LIBRARY WISCONSIN INTERNATIONAL UNIVERSITY COLLEGE, GHANA - MAIN LIBRARY General Stacks 30/05/2012   HF5549.5.15.A6682 2544/12 30/05/2012   30/05/2012 Books

If you have any concerns or questions; kindly contact the library


© Powered by WIUC ICT DIRECTORATE